Štýl investičných fondov a miesto prekladu

Jazyk investičných fondov - zvláštny útvar mixu odborného a obecného jazyka. Náčrt kvality slohu investičných fondov na príklade výročnej správy investičného fondu KBC Renta.

Gespeichert in:
Bibliographische Detailangaben
1. Verfasser: Lapšanský, Ladislav
Format: Buchkapitel
Sprache:Slowakisch
Schlagworte:
Tags: Tag hinzufügen
Keine Tags, Fügen Sie das erste Tag hinzu!

MARC

LEADER 00000naa$a2200000$$$4500
001 0192381
005 20240502083446.0
041 0 |a slo 
044 |a FR 
245 1 0 |a Štýl investičných fondov a miesto prekladu  |c Ladislav Lapšanský 
520 |a Jazyk investičných fondov - zvláštny útvar mixu odborného a obecného jazyka. Náčrt kvality slohu investičných fondov na príklade výročnej správy investičného fondu KBC Renta. 
610 2 0 |a jazykoveda 
610 2 0 |a jazyky cudzie 
610 2 0 |a preklady 
610 2 0 |a francúzština 
610 2 0 |a fondy investičné 
100 1 |a Lapšanský, Ladislav